000 nam a22 7a 4500
999 _c7895
_d7895
008 171107b xxu||||| |||| 00| 0 eng d
100 _aBadhwar.F.C.
_94362
245 _aFundamental Mathematics
260 _aNew Delhi
_bPradeep Publications
_c2008